00371nam a2200133 a 4500001000500000005001700005008004100022050001700063100001500080245007000095260003200165300000700197650003300204049720140414131912.0040117s19uu xx 00 eng d aERbK52 2002 aMurray, W. aKey words with ladybird :bThe original key words reading scheme. aLondon :bLadybird,c[n.d.] a51 aReadingxJuvenile literature